000 00873cad a22002175a 4500
001 L154304
008 111110s2011 xxk f 000 0 eng d
035 _a(Sirsi) u154304
041 0 _aeng
110 2 _aRoyal Institution of Chartered Surveyors
_94900
245 0 0 _aProfessional groups and forums
_bannual review 2010/11
_h[electronic resource]
260 _aLondon
_bRICS
_c2011
300 _a27p.
_bcol. ill.
_c30cm.
490 0 _aRICS Annual Report
520 _aSets out initiatives and projects undertaken by RICS Professional Groups and Forums in 2010/11.
650 2 4 _aRICS PROFESSIONAL GROUPS AND FORUMS ANNUAL REVIEW
651 4 _aInternational
690 _aABOUT RICS-RICS ANNUAL REPORT
856 4 0 _uhttps://www.rics.org/site/download_feed.aspx?fileID=10732&fileExtension=PDF
_zView the review online at www.rics.org (member-only access).
942 _n0
999 _c112928
_d112928